000 00332nam a2200145Ia 4500
008 230917s9999||||xx |||||||||||||| ||und||
040 _e148217
_aMAIN
041 _aEnglish
082 _a412 O65P
100 _aO'Connor, J D
245 0 _aPhonetics
260 _aEngland
_bPenguin Books
_c1973
300 _a320p p.
942 _cBK
999 _c140871
_d140871